The 12 Tribes of Israel - Statistics

General Stats
  • This quiz has been taken 9,812 times
    9,811 since last reset
  • The average score is 7 of 12
Answer Stats
Tribe % Correct
Benjamin
77%
Levi
72%
Joseph
69%
Judah
68%
Dan
64%
Reuben
60%
Gad
54%
Asher
51%
Simeon
48%
Naphtali
45%
Issachar
38%
Zebulun
36%
No matching quizzes found
Score Distribution
Percent of People with Each Score
Percentile by Number Answered
Your Score History
You have not taken this quiz since the last reset